000 01881nam0a2200337 4500
001 RU\NLR\b_ik\191401
005 20260408051015.0
035 _a(NLR Aleph) 002263856
090 _a3856622
_c3856622
100 _a20110831d2011 |||y0rusy50 ca
101 0 _aeng
102 _aRU
105 _aa |||||||||
200 1 _aFree boundary problems: theory, experiment and applications
_eIV All-Russian conference with foreign participants, Biisk, July 5-10, 2011
_ebook of abstracts
_f[ed. board: V.V. Pukhnachev (ed.-in-chief) et al.]
210 _aNovosibirsk
_cLavrentyev inst. of hydrodynamics of SB RAS
_d2011
215 _a115 с.
_cил.
_d20
300 _aВ надзаг.: Lavrentyev inst. of hydrodynamics of SB RAS, Kutateladze inst. of thermophysics of SB RAS, Inst. of computational modeling of SB RAS [et al.]
313 _aпо русскому изд. номер зап. 478572
320 _aБиблиогр. в конце докл.
606 1 _aГидродинамика
_jСъезды, совещания и т.п.
_9902887
_3RU\NLR\AUTH\668506
606 1 _aТеплофизика
_jСъезды, совещания и т.п.
_91363268
_3RU\NLR\AUTH\66256213
686 1 _aВ253.31я431(0)
686 1 _aЗ31я431(0)
702 1 _aPuchnačev
_bV. V.
_gVladislav Vasil'evič
_4340
711 1 2 _8eng
_a"Free boundary problems: theory, experiment and applications", All-Russian conference with foreign participants
_d4
_f2011
_eBiisk
_7ba
_3RU\NLR\AUTH\8810196450
_9282007
801 0 _aRU
_bNLR
_c20110831
_gRCR
830 _a4-я всероссийская конференция с участием зарубежных ученых "Задачи со свободными границами: теория, эксперимент и приложения"
942 _cBOOK
980 _aNB